000 00344nam a22001457a 4500
020 _a9788189866495
082 _a670
_bSHA/MA
100 _aSharma S.K
245 _aManufacturing Processes
250 _a1
260 _aNew Delhi
_bI.K International Publishing House Pvt.Ltd
_c2007
300 _a706
700 _aSavitha Sharma
942 _cBK
999 _c13618
_d13618